000 004170000a22001690004500
003 MACL
005 20151231131637.0
008 151231b xxu||||| |||| 00| 0 eng d
040 _aMACL
_cMACL
041 _aEnglish
082 _a370/MAN
100 _aMangold, George B.
_925620
245 _aChild Problem
260 _bThe Macmillan Co.
_c1913
_aNew York
650 _aEducation
_925621
942 _cBK
_k370/MAN
_2ddc
999 _c38572
_d38572